[Event "POL-chT 2nd League"]
[Site "Jastrzebia Gora"]
[Date "2023.09.10"]
[Round "9.113"]
[White "Wasik, Roman"]
[Black "Statucki, Maciej"]
[Result "1/2-1/2"]
[WhiteElo "1381"]
[BlackElo "1868"]
[PlyCount "41"]
[EventDate "2023.09.02"]
[EventType "team-swiss"]
[EventRounds "9"]
[EventCountry "POL"]
[SourceTitle "EXT 2024"]
[Source "ChessBase"]
[SourceDate "2023.10.10"]
[SourceVersion "1"]
[SourceVersionDate "2023.10.10"]
[SourceQuality "1"]
[WhiteTeam "Rzeszow RzKSz"]
[BlackTeam "Bogatynia UKS SP3"]
[WhiteTeamCountry "POL"]
[BlackTeamCountry "POL"]

1. e4 c5 2. Nf3 d6 3. d4 cxd4 4. Nxd4 Nf6 5. Nc3 g6 6. f3 Bg7 7. Be3 Nc6 8. Qd2 0-0 9. 0-0-0 d5 10. Kb1 Nxd4 11. Bxd4 dxe4 12. fxe4 Be6 13. Be2 Qc7 14. Bf3 Rfd8 15. Qe3 Qa5 16. a3 Rac8 17. h3 Rxd4 18. Rxd4 Nd7 19. Rhd1 Ne5 20. Be2 Bc4 21. Qd2 1/2-1/2

[Event "POL-chT 2nd League"]
[Site "Jastrzebia Gora"]
[Date "2023.09.07"]
[Round "6.95"]
[White "Statucki, Maciej"]
[Black "Balis, Sebastian"]
[Result "1-0"]
[WhiteElo "1868"]
[BlackElo "1484"]
[PlyCount "49"]
[EventDate "2023.09.02"]
[EventType "team-swiss"]
[EventRounds "9"]
[EventCountry "POL"]
[SourceTitle "EXT 2024"]
[Source "ChessBase"]
[SourceDate "2023.10.10"]
[SourceVersion "1"]
[SourceVersionDate "2023.10.10"]
[SourceQuality "1"]
[WhiteTeam "Bogatynia UKS SP3"]
[BlackTeam "Chrzanow Olimpijczyk"]
[WhiteTeamCountry "POL"]
[BlackTeamCountry "POL"]

1. e4 c5 2. Nf3 e6 3. d4 cxd4 4. Nxd4 a6 5. Bd3 b5 6. a4 bxa4 7. Rxa4 Bb7 8. Qe2 Qb6 9. Nb3 Nf6 10. Be3 Qc7 11. N1d2 d5 12. 0-0 Bc6 13. Ra2 dxe4 14. Bxa6 Nxa6 15. Rxa6 Rxa6 16. Qxa6 Ng4 17. Bf4 Qxf4 18. Qxc6+ Ke7 19. g3 Qh6 20. h4 f5 21. Nc4 Kf7 22. Qd7+ Be7 23. Nd6+ Kg6 24. Qxe7 Kh5 25. Nf7 1-0

[Event "POL-chT 2nd League"]
[Site "Jastrzebia Gora"]
[Date "2023.09.06"]
[Round "5.77"]
[White "Szydelko, Michal"]
[Black "Statucki, Maciej"]
[Result "0-1"]
[WhiteElo "1731"]
[BlackElo "1868"]
[PlyCount "56"]
[EventDate "2023.09.02"]
[EventType "team-swiss"]
[EventRounds "9"]
[EventCountry "POL"]
[SourceTitle "EXT 2024"]
[Source "ChessBase"]
[SourceDate "2023.10.10"]
[SourceVersion "1"]
[SourceVersionDate "2023.10.10"]
[SourceQuality "1"]
[WhiteTeam "Radkow Giecek"]
[BlackTeam "Bogatynia UKS SP3"]
[WhiteTeamCountry "POL"]
[BlackTeamCountry "POL"]

1. e4 e5 2. Nf3 Nc6 3. d4 exd4 4. Bc4 Nf6 5. 0-0 Be7 6. e5 Ne4 7. Bd5 Nc5 8. a3 a5 9. Re1 Ne6 10. Re4 d6 11. Qe2 0-0 12. Bxc6 bxc6 13. Nxd4 Nxd4 14. Rxd4 c5 15. Rd1 d5 16. Nc3 Bb7 17. Bf4 d4 18. Qg4 Ra6 19. Bg3 Rg6 20. Qf5 Qa8 21. Ne2 Bxg2 22. Nf4 Bh1 23. Qd7 Bg5 24. Kf1 Bxf4 25. Bxf4 Rg1+ 26. Ke2 Qf3+ 27. Kd2 Qxf4+ 28. Kd3 Qf3+ 0-1

[Event "POL-chT 2nd League"]
[Site "Jastrzebia Gora"]
[Date "2023.09.05"]
[Round "4.89"]
[White "Statucki, Maciej"]
[Black "Meller, Piotr"]
[Result "1-0"]
[WhiteElo "1868"]
[BlackElo "1976"]
[PlyCount "77"]
[EventDate "2023.09.02"]
[EventType "team-swiss"]
[EventRounds "9"]
[EventCountry "POL"]
[SourceTitle "EXT 2024"]
[Source "ChessBase"]
[SourceDate "2023.10.10"]
[SourceVersion "1"]
[SourceVersionDate "2023.10.10"]
[SourceQuality "1"]
[WhiteTeam "Bogatynia UKS SP3"]
[BlackTeam "Olesnica Pogon"]
[WhiteTeamCountry "POL"]
[BlackTeamCountry "POL"]

1. e4 c5 2. Nf3 Nc6 3. d4 cxd4 4. Nxd4 g6 5. Nc3 Bg7 6. Be3 Nf6 7. Bc4 0-0 8. Bb3 Qa5 9. f3 d6 10. Qd2 Bd7 11. 0-0-0 Rfc8 12. h4 Ne5 13. h5 Nc4 14. Bxc4 Rxc4 15. hxg6 fxg6 16. Nb3 Qc7 17. Bd4 Rc8 18. Kb1 Bc6 19. g4 b5 20. g5 e5 21. Be3 Ne8 22. Rh2 b4 23. Nd5 Qf7 24. Na5 Bxd5 25. Qxd5 Qxd5 26. exd5 R4c7 27. Rdh1 Bf8 28. Nc6 Rf7 29. Nxa7 Rb8 30. Nc6 Rb5 31. Rh3 Nc7 32. Nd8 Re7 33. f4 Nxd5 34. fxe5 Nxe3 35. Rxe3 Rbxe5 36. Rxe5 Rxe5 37. Rf1 Rxg5 38. Rxf8+ Kxf8 39. Ne6+ 1-0

[Event "POL-chT 2nd League"]
[Site "Jastrzebia Gora"]
[Date "2023.09.04"]
[Round "3.83"]
[White "Zgadzaj, Rafal"]
[Black "Statucki, Maciej"]
[Result "1-0"]
[WhiteElo "1913"]
[BlackElo "1868"]
[PlyCount "127"]
[EventDate "2023.09.02"]
[EventType "team-swiss"]
[EventRounds "9"]
[EventCountry "POL"]
[SourceTitle "EXT 2024"]
[Source "ChessBase"]
[SourceDate "2023.10.10"]
[SourceVersion "1"]
[SourceVersionDate "2023.10.10"]
[SourceQuality "1"]
[WhiteTeam "Nysa Gekon"]
[BlackTeam "Bogatynia UKS SP3"]
[WhiteTeamCountry "POL"]
[BlackTeamCountry "POL"]

1. c4 c5 2. Nf3 Nc6 3. g3 g6 4. Bg2 Bg7 5. 0-0 e6 6. Nc3 Nge7 7. d3 d5 8. cxd5 exd5 9. Bf4 Be6 10. Nb5 0-0 11. Nc7 Rc8 12. Nxe6 fxe6 13. Ng5 Qd7 14. Bh3 Nf5 15. e4 Nfd4 16. exd5 Qxd5 17. Re1 Rce8 18. Bg2 Qd7 19. Rc1 b6 20. a3 a5 21. h4 h6 22. Ne4 Ne7 23. Nd6 Rd8 24. Nc4 Nd5 25. Be5 Qf7 26. f4 Nf5 27. Qf3 Bxe5 28. Rxe5 Nd4 29. Qg4 Nf6 30. Qd1 Nh5 31. Qe1 Qc7 32. b4 axb4 33. axb4 cxb4 34. Nd2 Qf7 35. Ne4 Nxf4 36. gxf4 Qxf4 37. Ng3 Rc8 38. Rc4 Rxc4 39. dxc4 Nc2 40. Qe4 Qxg3 41. Rxe6 Qf2+ 42. Kh1 Qf5 43. Rxg6+ Kh7 44. Rxb6 Kg7 45. Rb7+ Kh8 46. Rb8 Qf6 47. Rxf8+ Qxf8 48. Qxc2 Qf6 49. Kg1 Qe5 50. Qe4 Qa1+ 51. Kh2 Qc3 52. Qe8+ Kg7 53. Qe7+ Kg6 54. Be4+ Kh5 55. Qf7+ Kxh4 56. Qf4+ Kh5 57. Bf5 Qb2+ 58. Kg3 Qc3+ 59. Qf3+ Qxf3+ 60. Kxf3 Kg5 61. Be4 h5 62. Ke3 h4 63. c5 Kf6 64. Kd4 1-0

[Event "POL-chT 2nd League"]
[Site "Jastrzebia Gora"]
[Date "2022.09.05"]
[Round "3.82"]
[White "Lewandowski, Marek"]
[Black "Statucki, Maciej"]
[Result "0-1"]
[WhiteElo "1758"]
[BlackElo "1858"]
[PlyCount "110"]
[EventDate "2022.09.03"]
[EventType "team-swiss"]
[EventRounds "9"]
[EventCountry "POL"]
[SourceTitle "CBM 210 Extra"]
[Source "ChessBase"]
[SourceDate "2022.11.30"]
[SourceVersion "1"]
[SourceVersionDate "2022.11.30"]
[SourceQuality "1"]
[WhiteTeam "Torun UMK"]
[BlackTeam "Bogatynia UKS SP3"]
[WhiteTeamCountry "POL"]
[BlackTeamCountry "POL"]

1. e4 c5 2. Nc3 g6 3. f4 Bg7 4. Nf3 Nc6 5. Bb5 Nd4 6. Bc4 e6 7. Nxd4 cxd4 8. Ne2 Ne7 9. d3 0-0 10. 0-0 d5 11. Bb3 dxe4 12. dxe4 b5 13. a4 b4 14. Bc4 Qc7 15. Bd3 f5 16. Bd2 a5 17. Ng3 Ba6 18. Rc1 h5 19. Qe2 Bxd3 20. cxd3 Qd7 21. b3 h4 22. Nh1 Rac8 23. Rc4 Rxc4 24. dxc4 d3 25. Qe1 Nc6 26. e5 Nd4 27. Qb1 Ne2+ 28. Kf2 Nc3 29. Qe1 Qd4+ 30. Qe3 Rd8 31. Qxd4 Rxd4 32. Kf3 Bf8 33. Nf2 Rd7 34. Rc1 Ne2 35. Rb1 Nd4+ 36. Ke3 Nc2+ 37. Kf3 Bc5 38. g3 hxg3 39. hxg3 Bxf2 40. Kxf2 Rh7 41. Kg2 Kf8 42. Rd1 Ke8 43. Bc1 Rd7 44. Kf2 Na1 45. Be3 Nxb3 46. Bb6 d2 47. Ke3 Rh7 48. c5 Rh3 49. Kf3 Kd7 50. Kg2 Rh7 51. Kf2 Kc6 52. Ke3 Rd7 53. Ke2 Nc1+ 54. Ke3 Rd3+ 55. Kf2 b3 0-1

[Event "POL-chT 1st League"]
[Site "Szklarska Poreba"]
[Date "2021.09.05"]
[Round "2.13"]
[White "Statucki, Maciej"]
[Black "Zurkowski, Andrzej"]
[Result "1/2-1/2"]
[WhiteElo "1833"]
[BlackElo "2031"]
[PlyCount "54"]
[EventDate "2021.09.04"]
[EventType "team-swiss"]
[EventRounds "9"]
[EventCountry "POL"]
[SourceTitle "CBM 204 Extra"]
[Source "ChessBase"]
[SourceDate "2021.11.30"]
[SourceVersion "1"]
[SourceVersionDate "2021.11.30"]
[SourceQuality "1"]
[WhiteTeam "Bogatynia UKS SP3"]
[BlackTeam "Debica Gryf"]
[WhiteTeamCountry "POL"]
[BlackTeamCountry "POL"]

1. e4 c5 2. Nf3 e6 3. d4 cxd4 4. Nxd4 Nf6 5. Bd3 a6 6. 0-0 d6 7. Nc3 Be7 8. Be3 b5 9. a3 Bb7 10. Kh1 Nbd7 11. f4 Rc8 12. Nde2 0-0 13. Ng3 Qc7 14. Qe2 Rfd8 15. Rae1 Bf8 16. Bd4 e5 17. Be3 exf4 18. Rxf4 d5 19. Rh4 dxe4 20. Ngxe4 Re8 21. Nxf6+ Nxf6 22. Bxh7+ Nxh7 23. Qh5 f6 24. Qxh7+ Kf7 25. Qh5+ Kg8 26. Qh7+ Kf7 27. Qh5+ Kg8 1/2-1/2

[Event "POL-chT 2nd League"]
[Site "Poronin"]
[Date "2020.09.11"]
[Round "7.3"]
[White "Dziendziel, Mateusz"]
[Black "Statucki, Maciej"]
[Result "1-0"]
[WhiteElo "1949"]
[BlackElo "1790"]
[PlyCount "73"]
[EventDate "2020.09.05"]
[EventType "team-swiss"]
[EventRounds "9"]
[EventCountry "POL"]
[SourceTitle "CBM 198 Extra"]
[Source "ChessBase"]
[SourceDate "2020.11.30"]
[SourceVersion "1"]
[SourceVersionDate "2020.11.30"]
[SourceQuality "1"]
[WhiteTeam "Jastrzebie Zdroj Pionier"]
[BlackTeam "Bogatynia UKS SP3"]
[WhiteTeamCountry "POL"]
[BlackTeamCountry "POL"]

1. f4 d5 2. Nf3 g6 3. e3 Bg7 4. Be2 Nf6 5. 0-0 0-0 6. d3 c5 7. a4 Nc6 8. Qe1 Qc7 9. Nc3 e5 10. e4 dxe4 11. dxe4 Nd4 12. fxe5 Nxf3+ 13. gxf3 Qxe5 14. Kh1 Bd7 15. Qh4 Qh5 16. Qg3 Qh3 17. Rd1 Qxg3 18. hxg3 Be6 19. Be3 b6 20. Kg2 Rfd8 21. Nb5 Ne8 22. Rxd8 Rxd8 23. Nxa7 Ra8 24. Nc6 Bxb2 25. Rb1 Bd4 26. Nxd4 cxd4 27. Bxd4 Rxa4 28. Bxb6 Ra2 29. Rc1 Nd6 30. Kf2 Nc4 31. Bc5 f6 32. f4 Ra4 33. Rd1 Ra2 34. f5 gxf5 35. exf5 Ra5 36. Rd8+ Kg7 37. Bf8+ 1-0

[Event "POL-chT 2nd League"]
[Site "Poronin"]
[Date "2020.09.07"]
[Round "3.5"]
[White "Statucki, Maciej"]
[Black "Luberanski, Jakub"]
[Result "0-1"]
[WhiteElo "1790"]
[BlackElo "2090"]
[PlyCount "56"]
[EventDate "2020.09.05"]
[EventType "team-swiss"]
[EventRounds "9"]
[EventCountry "POL"]
[SourceTitle "CBM 198 Extra"]
[Source "ChessBase"]
[SourceDate "2020.11.30"]
[SourceVersion "1"]
[SourceVersionDate "2020.11.30"]
[SourceQuality "1"]
[WhiteTeam "Bogatynia UKS SP3"]
[BlackTeam "Wroclaw Polonia"]
[WhiteTeamCountry "POL"]
[BlackTeamCountry "POL"]

1. e4 c5 2. Nf3 e6 3. d4 cxd4 4. Nxd4 Nf6 5. Nc3 d6 6. f4 a6 7. Be3 b5 8. a3 Bb7 9. Bd3 Nbd7 10. 0-0 Be7 11. Qf3 Rc8 12. Rae1 0-0 13. g4 Rxc3 14. bxc3 Nc5 15. Bd2 d5 16. exd5 Bxd5 17. Qd1 Nfe4 18. Re3 f5 19. Rh3 fxg4 20. Qxg4 Rf6 21. Rg3 Nxg3 22. hxg3 Nxd3 23. cxd3 Rg6 24. Qh3 Bc5 25. Be3 Rh6 26. Qg4 Rh1+ 27. Kf2 Rh2+ 28. Ke1 Qa5 0-1

[Event "POL-chT 2nd League"]
[Site "Poronin"]
[Date "2020.09.05"]
[Round "1.17"]
[White "Statucki, Maciej"]
[Black "Tatarczany, Piotr"]
[Result "1-0"]
[WhiteElo "1790"]
[BlackElo "1630"]
[PlyCount "49"]
[EventDate "2020.09.05"]
[EventType "team-swiss"]
[EventRounds "9"]
[EventCountry "POL"]
[SourceTitle "CBM 198 Extra"]
[Source "ChessBase"]
[SourceDate "2020.11.30"]
[SourceVersion "1"]
[SourceVersionDate "2020.11.30"]
[SourceQuality "1"]
[WhiteTeam "Bogatynia UKS SP3"]
[BlackTeam "Pilzno GKSz Hetman"]
[WhiteTeamCountry "POL"]
[BlackTeamCountry "POL"]

1. e4 e5 2. Nf3 d6 3. d4 exd4 4. Nxd4 Nf6 5. Nc3 Be7 6. Bc4 0-0 7. 0-0 Nc6 8. h3 h6 9. f4 Na5 10. Bd3 Nc6 11. Be3 Bd7 12. Qf3 Nxd4 13. Bxd4 Bc6 14. Rae1 a6 15. Nd5 b5 16. Nxe7+ Qxe7 17. Qg3 Nh5 18. Qf2 g6 19. e5 Qd7 20. exd6 cxd6 21. g4 Ng7 22. Qh4 Kh7 23. Re7 Qd8 24. Qf6 Rg8 25. Bxg6+ 1-0

[Event "POL-chT 2nd League"]
[Site "Jastrzebia Gora"]
[Date "2019.09.15"]
[Round "9.5"]
[White "Pulik, Krzysztof"]
[Black "Statucki, Maciej"]
[Result "1-0"]
[WhiteElo "2131"]
[BlackElo "1754"]
[PlyCount "113"]
[EventDate "2019.09.07"]
[EventType "team-swiss"]
[EventRounds "9"]
[EventCountry "POL"]
[SourceTitle "EXT 2020"]
[Source "ChessBase"]
[SourceDate "2019.10.17"]
[SourceVersion "1"]
[SourceVersionDate "2019.10.17"]
[SourceQuality "1"]
[WhiteTeam "Stara Wies Parnas"]
[BlackTeam "Bogatynia UKS SP3"]
[WhiteTeamCountry "POL"]
[BlackTeamCountry "POL"]

1. e4 c5 2. c3 d5 3. exd5 Qxd5 4. d4 Nc6 5. Nf3 Bf5 6. Be3 cxd4 7. cxd4 Bxb1 8. Rxb1 e6 9. a3 Nf6 10. Bd3 Be7 11. 0-0 0-0 12. Qe2 a5 13. Rbd1 Rfd8 14. Rfe1 Qh5 15. Bb1 Nd5 16. Qb5 Ra6 17. Rd2 Rb6 18. Qd3 Bf6 19. Qe4 Qg6 20. Red1 Nce7 21. Qxg6 hxg6 22. g4 Nxe3 23. fxe3 Nd5 24. Kf2 g5 25. Rc1 Rc6 26. Rxc6 bxc6 27. Ne1 Ne7 28. Nf3 e5 29. Be4 exd4 30. exd4 Kf8 31. Ke3 Ke8 32. Kd3 Kd7 33. Kc4 Kc7 34. h4 Nd5 35. hxg5 Be7 36. Bxd5 Rxd5 37. Rf2 Kb6 38. Ne5 f6 39. gxf6 gxf6 40. Nf3 Rd8 41. Re2 Rd7 42. Ne1 Bd8 43. Re4 Rf7 44. Nd3 Bc7 45. Re6 Rg7 46. b4 Rxg4 47. b5 Be5 48. Rxc6+ Ka7 49. Nxe5 fxe5 50. Rd6 exd4 51. Kc5 Rg3 52. Rd7+ Kb8 53. Kb6 Kc8 54. Rxd4 Rxa3 55. Ka7 Re3 56. Rc4+ Kd8 57. b6 1-0

[Event "Rewal op-B 16th"]
[Site "Rewal"]
[Date "2011.08.22"]
[Round "3"]
[White "Botor, Michal"]
[Black "Statucki, Maciej"]
[Result "1-0"]
[WhiteElo "1987"]
[BlackElo "1817"]
[PlyCount "75"]
[EventDate "2011.08.18"]
[EventType "swiss"]
[EventRounds "9"]
[EventCountry "POL"]
[SourceTitle "CBM 144 Extra"]
[Source "ChessBase"]
[SourceDate "2011.10.28"]
[SourceVersion "1"]
[SourceVersionDate "2011.10.28"]
[SourceQuality "1"]

1. e4 c5 2. g3 Nc6 3. d3 g6 4. Bg2 Bg7 5. Ne2 e6 6. 0-0 Nge7 7. Nd2 0-0 8. f4 d5 9. Nf3 f5 10. e5 Rb8 11. c3 b5 12. Be3 c4 13. Bc5 a5 14. Bd6 Rb6 15. Ned4 Re8 16. Rf2 Nxd4 17. Nxd4 Nc6 18. Bc5 Nxd4 19. Bxb6 Qxb6 20. cxd4 Qxd4 21. dxc4 Qxd1+ 22. Rxd1 bxc4 23. b3 Ba6 24. Bf1 Bf8 25. Rc2 Bc5+ 26. Kh1 Bb5 27. Rb1 Bc6 28. Bg2 Be3 29. Re1 Ba7 30. Bf3 Bb5 31. bxc4 Bxc4 32. Be2 Bxe2 33. Rcxe2 d4 34. Rd1 Rd8 35. Kg2 Rd5 36. Rb2 Bc5 37. Rb5 Kf7 38. Rxa5 1-0

[Event "Rewal op-B 16th"]
[Site "Rewal"]
[Date "2011.08.21"]
[Round "2"]
[White "Statucki, Maciej"]
[Black "Cieslar, Michal"]
[Result "1/2-1/2"]
[WhiteElo "1817"]
[BlackElo "1966"]
[PlyCount "50"]
[EventDate "2011.08.18"]
[EventType "swiss"]
[EventRounds "9"]
[EventCountry "POL"]
[SourceTitle "CBM 144 Extra"]
[Source "ChessBase"]
[SourceDate "2011.10.28"]
[SourceVersion "1"]
[SourceVersionDate "2011.10.28"]
[SourceQuality "1"]

1. e4 c5 2. Nf3 d6 3. d4 cxd4 4. Nxd4 Nf6 5. Nc3 a6 6. Bg5 e6 7. f4 Be7 8. Qd2 Qc7 9. 0-0-0 b5 10. a3 Bb7 11. Bd3 Nbd7 12. g4 Nb6 13. Bxf6 Bxf6 14. Nde2 0-0-0 15. g5 Be7 16. Ng3 Kb8 17. Rhf1 d5 18. exd5 exd5 19. Nf5 b4 20. Nb1 bxa3 21. Nxa3 Bxa3 22. bxa3 g6 23. Nd4 Rd6 24. Qa5 Rc8 25. Rde1 Nc4 1/2-1/2

[Event "POL-ch U18"]
[Site "Murzasichle"]
[Date "2011.03.12"]
[Round "9"]
[White "Statucki, Maciej"]
[Black "Cieslar, Michal"]
[Result "1/2-1/2"]
[WhiteElo "1836"]
[BlackElo "1967"]
[PlyCount "60"]
[EventDate "2011.03.05"]
[EventType "swiss"]
[EventRounds "9"]
[EventCountry "POL"]
[SourceTitle "EXT 2012"]
[Source "ChessBase"]
[SourceDate "2011.11.24"]
[SourceVersion "1"]
[SourceVersionDate "2011.11.24"]
[SourceQuality "1"]

1. e4 e5 2. Nf3 Nc6 3. Bb5 a6 4. Ba4 Nf6 5. 0-0 b5 6. Bb3 Be7 7. Re1 0-0 8. h3 d6 9. c3 Na5 10. Bc2 c5 11. d4 Qc7 12. d5 Nc4 13. b3 Nb6 14. Nbd2 Ne8 15. g4 a5 16. Nf1 c4 17. Bb2 g5 18. Ng3 h6 19. Kg2 Ng7 20. Rh1 f6 21. Qd2 Kf7 22. Rh2 Bd7 23. Rah1 Ke8 24. Ng1 Kd8 25. f3 a4 26. b4 Kc8 27. a3 Kb7 28. h4 Rg8 29. h5 Rgf8 30. N1e2 Bd8 1/2-1/2

[Event "POL-ch U18"]
[Site "Murzasichle"]
[Date "2011.03.05"]
[Round "1"]
[White "Klepaczka, Tomasz"]
[Black "Statucki, Maciej"]
[Result "1-0"]
[WhiteElo "2115"]
[BlackElo "1836"]
[PlyCount "97"]
[EventDate "2011.03.05"]
[EventType "swiss"]
[EventRounds "9"]
[EventCountry "POL"]
[SourceTitle "EXT 2012"]
[Source "ChessBase"]
[SourceDate "2011.11.24"]
[SourceVersion "1"]
[SourceVersionDate "2011.11.24"]
[SourceQuality "1"]

1. e4 c5 2. Nc3 Nc6 3. Bb5 Nd4 4. Bc4 g6 5. Nge2 Bg7 6. Nxd4 cxd4 7. Qf3 Nh6 8. Ne2 0-0 9. d3 Ng4 10. Bb3 Ne5 11. Qg3 Nc6 12. h4 Na5 13. Nf4 Nxb3 14. axb3 e5 15. Nd5 h5 16. Bg5 f6 17. Bd2 Kh7 18. Ba5 b6 19. Bxb6 Qe8 20. 0-0 Qf7 21. Bc7 Bb7 22. Bd6 Rfc8 23. Nc7 Rxc7 24. Bxc7 d5 25. Ba5 dxe4 26. Bd2 exd3 27. Qxd3 Qd5 28. f3 f5 29. Ra5 Qc6 30. Qb5 Qxb5 31. Rxb5 Ba6 32. Rc5 Bxf1 33. Kxf1 e4 34. Bf4 e3 35. Ke2 a5 36. Be5 Bxe5 37. Rxe5 a4 38. bxa4 Rxa4 39. Kd3 Rb4 40. b3 Kg7 41. g3 Kf6 42. f4 Kf7 43. c3 dxc3 44. Kxc3 Re4 45. Rxe4 fxe4 46. Kc2 Ke6 47. Kd1 Kd5 48. Ke2 Kd4 49. b4 1-0

[Event "Rewal op-B 15th"]
[Site "Rewal"]
[Date "2010.08.18"]
[Round "1"]
[White "Krawczyk, Piotr"]
[Black "Statucki, Maciej"]
[Result "0-1"]
[WhiteElo "1884"]
[BlackElo "1834"]
[PlyCount "52"]
[EventDate "2010.08.18"]
[EventType "swiss"]
[EventRounds "9"]
[EventCountry "POL"]
[SourceTitle "EXT 2014"]
[Source "ChessBase"]
[SourceDate "2013.11.20"]
[SourceVersion "1"]
[SourceVersionDate "2013.11.20"]
[SourceQuality "1"]

1. e4 c5 2. Nf3 Nc6 3. d4 cxd4 4. Nxd4 Nf6 5. Nc3 g6 6. Nxc6 bxc6 7. e5 Nd5 8. Nxd5 cxd5 9. Qxd5 Rb8 10. Rb1 Qc7 11. c3 Bb7 12. Qd4 Bg7 13. Bf4 Qa5 14. a4 0-0 15. Bb5 Bxg2 16. Rg1 Bc6 17. b4 Qc7 18. Qc5 Rbc8 19. Bxc6 Qxc6 20. Qxc6 Rxc6 21. Rg3 Rc4 22. Rf3 Rfc8 23. Kd2 d6 24. exd6 exd6 25. Rb3 Rxf4 26. Rxf4 Bh6 0-1

[Event "POL-chT U19 2nd League"]
[Site "Chelm Lubelski"]
[Date "2010.07.14"]
[Round "11"]
[White "Statucki, Maciej"]
[Black "Kowalczyk, Rafal"]
[Result "0-1"]
[WhiteElo "1832"]
[BlackElo "2048"]
[PlyCount "38"]
[EventDate "2010.07.06"]
[EventType "team-tourn"]
[EventRounds "11"]
[EventCountry "POL"]
[SourceTitle "EXT 2011"]
[Source "ChessBase"]
[SourceDate "2010.11.26"]
[SourceVersion "1"]
[SourceVersionDate "2010.11.26"]
[SourceQuality "1"]
[WhiteTeam "Kozuchow Odrodzenie U19"]
[BlackTeam "Starzenice Park U19"]
[WhiteTeamCountry "POL"]
[BlackTeamCountry "POL"]

1. e4 e5 2. Nf3 Nc6 3. Bb5 f5 4. Nc3 fxe4 5. Nxe4 Nf6 6. Qe2 Qe7 7. Nxf6+ gxf6 8. d3 Qb4+ 9. c3 Qxb5 10. 0-0 Ne7 11. a4 Qc6 12. d4 d6 13. h3 Be6 14. Re1 Rg8 15. Kh1 Bd5 16. Bd2 Nf5 17. Rg1 Bxf3 18. gxf3 Rxg1+ 19. Rxg1 0-0-0 0-1

[Event "POL-chT U19 2nd League"]
[Site "Chelm Lubelski"]
[Date "2010.07.12"]
[Round "8"]
[White "Rydzewski, Pawel"]
[Black "Statucki, Maciej"]
[Result "0-1"]
[WhiteElo "1753"]
[BlackElo "1832"]
[PlyCount "110"]
[EventDate "2010.07.06"]
[EventType "team-tourn"]
[EventRounds "11"]
[EventCountry "POL"]
[SourceTitle "EXT 2011"]
[Source "ChessBase"]
[SourceDate "2010.11.26"]
[SourceVersion "1"]
[SourceVersionDate "2010.11.26"]
[SourceQuality "1"]
[WhiteTeam "Jastrzebie Zdroj Pionier U19"]
[BlackTeam "Kozuchow Odrodzenie U19"]
[WhiteTeamCountry "POL"]
[BlackTeamCountry "POL"]

1. d4 Nf6 2. c4 g6 3. Nc3 d5 4. Nf3 Bg7 5. e3 0-0 6. Bd2 Bf5 7. cxd5 Nxd5 8. Qb3 Nxc3 9. Bxc3 b6 10. Rc1 a5 11. Be2 a4 12. Qd1 a3 13. b3 Nd7 14. 0-0 Qb8 15. Bd3 Bxd3 16. Qxd3 b5 17. Bb4 Re8 18. Qc2 Ra7 19. Qc6 Nf6 20. Rc5 Rb7 21. Bxa3 b4 22. Bb2 Rd8 23. Ne5 Rd6 24. Qf3 Kf8 25. Rfc1 Ra6 26. Rc6 Qa7 27. Rxa6 Qxa6 28. Qc6 Qxc6 29. Nxc6 Nd5 30. g3 f5 31. Rc5 Rb6 32. Ne5 Bxe5 33. dxe5 e6 34. a4 bxa3 35. Bxa3 Kg7 36. b4 c6 37. Ra5 Kh6 38. b5 Rxb5 39. Bf8+ Kg5 40. Ra7 Rb2 41. Rxh7 Kg4 42. Rg7 Kf3 43. h4 Rxf2 44. Rxg6 Nxe3 45. h5 Rg2+ 46. Kh1 Ng4 47. Bc5 Rc2 48. Bg1 Rg2 49. Rxe6 Rxg3 50. Rxc6 Rh3+ 51. Bh2 Rxh2+ 52. Kg1 Rxh5 53. e6 f4 54. e7 Re5 55. Rc3+ Ne3 0-1

[Event "POL-chT U19 2nd League"]
[Site "Chelm Lubelski"]
[Date "2010.07.12"]
[Round "9"]
[White "Statucki, Maciej"]
[Black "Chmielarz, Maciej"]
[Result "1-0"]
[WhiteElo "1832"]
[BlackElo "1722"]
[PlyCount "97"]
[EventDate "2010.07.06"]
[EventType "team-tourn"]
[EventRounds "11"]
[EventCountry "POL"]
[SourceTitle "EXT 2011"]
[Source "ChessBase"]
[SourceDate "2010.11.26"]
[SourceVersion "1"]
[SourceVersionDate "2010.11.26"]
[SourceQuality "1"]
[WhiteTeam "Kozuchow Odrodzenie U19"]
[BlackTeam "Ostrow Wielkopolski II"]
[WhiteTeamCountry "POL"]
[BlackTeamCountry "POL"]

1. e4 c6 2. d4 d5 3. Nc3 dxe4 4. Nxe4 Bf5 5. Ng3 Bg6 6. Nh3 h6 7. Nf4 Bh7 8. h4 Nf6 9. c3 e6 10. Bd3 Bxd3 11. Nxd3 Nbd7 12. Qe2 Be7 13. Bd2 Qb6 14. f4 Qc7 15. 0-0-0 c5 16. dxc5 Nxc5 17. Ne5 0-0 18. Be3 b5 19. Kb1 a5 20. Bd4 b4 21. c4 b3 22. a3 Ncd7 23. Rh3 Bc5 24. Bc3 Rad8 25. Nd3 Bd6 26. Ne4 Be7 27. Rc1 Rc8 28. Nd2 a4 29. g4 Nc5 30. Nxc5 Qxc5 31. Ka1 h5 32. gxh5 Qxh5 33. Qg2 g6 34. Rg3 Nd7 35. Rh1 Nb6 36. Rg5 Qh7 37. h5 Bxg5 38. hxg6 Qxh1+ 39. Qxh1 fxg6 40. Qh8+ Kf7 41. Qg7+ Ke8 42. Qxg6+ Kd7 43. fxg5 Nxc4 44. Qd3+ Nd6 45. Ne4 Rc6 46. Nxd6 Rxd6 47. Qxd6+ Kxd6 48. Bb4+ Kd5 49. Bxf8 1-0

[Event "POL-chT U19 2nd League"]
[Site "Chelm Lubelski"]
[Date "2010.07.11"]
[Round "7"]
[White "Zima, Teofil"]
[Black "Statucki, Maciej"]
[Result "0-1"]
[WhiteElo "1841"]
[BlackElo "1832"]
[PlyCount "66"]
[EventDate "2010.07.06"]
[EventType "team-tourn"]
[EventRounds "11"]
[EventCountry "POL"]
[SourceTitle "EXT 2011"]
[Source "ChessBase"]
[SourceDate "2010.11.26"]
[SourceVersion "1"]
[SourceVersionDate "2010.11.26"]
[SourceQuality "1"]
[WhiteTeam "Gorlice GKSz Kornuty U19"]
[BlackTeam "Kozuchow Odrodzenie U19"]
[WhiteTeamCountry "POL"]
[BlackTeamCountry "POL"]

1. e4 c5 2. Nf3 Nc6 3. d4 cxd4 4. Nxd4 g6 5. c4 Bg7 6. Be3 Nf6 7. Nc3 0-0 8. Be2 d6 9. 0-0 Nxd4 10. Bxd4 Be6 11. f4 Qd7 12. Qd3 Rfc8 13. b3 Bg4 14. f5 Bxe2 15. Qxe2 a6 16. Rad1 b5 17. c5 Rc6 18. Bxf6 Bxf6 19. e5 Bh8 20. e6 fxe6 21. fxe6 Qe8 22. Rf7 Bxc3 23. Qf3 Rxc5 24. Qh3 Bg7 25. Rdf1 Rh5 26. Qf3 Rc8 27. g4 Re5 28. h4 Rxe6 29. h5 Rf6 30. Rxf6 Bxf6 31. Qd5+ Kh8 32. h6 Qc6 33. Qxc6 Rxc6 0-1